| 000 | 01046nam a22003017a 4500 | ||
|---|---|---|---|
| 001 | 939 | ||
| 005 | 20230719074636.0 | ||
| 008 | 230714b cb ||||| |||| 00| 0 eng d | ||
| 020 | _a0689876785 | ||
| 040 |
_aDLC _cDLC _dDLC _beng |
||
| 050 | 0 | 0 |
_aPZ7.G9846 _bHnw 2006 |
| 082 | 0 | 0 |
_a813.54 _222 |
| 100 | 1 | _aGutman, Dan. | |
| 245 | 1 | 4 |
_aThe homework machine / _cby Dan Gutman. |
| 250 | _aFirst Scholastic printing, November 2008 | ||
| 260 |
_aNew York : _bScholastic, _c2006. |
||
| 300 |
_a146 pages ; _c20 cm. |
||
| 505 | _aR | ||
| 520 | _aFour fifth-grade students--a geek, a class clown, a teacher's pet, and a slacker--as well as their teacher and mothers, each relate events surrounding a computer programmed to complete homework assignments. | ||
| 521 |
_a680
_bLexile |
||
| 521 |
_aR _bRaz-Plus |
||
| 650 | 1 |
_aHomework _vFiction. |
|
| 650 | 1 |
_aCheating _vFiction. |
|
| 650 | 1 |
_aSchools _vFiction. |
|
| 650 | 1 |
_aInterpersonal relations _vFiction. |
|
| 906 |
_a7 _bcbc _corignew _d1 _eecip _f20 _gy-gencatlg |
||
| 942 |
_2ddc _cBK _n0 |
||
| 999 |
_c939 _d939 |
||